[Event "Olympiad-32"]
[Site "Yerevan"]
[Date "1996.09.26"]
[Round "10.3"]
[White "Stefansson, Hannes"]
[Black "Zaichik, Gennadi"]
[Result "0-1"]
[WhiteElo "2560"]
[BlackElo "2550"]
[PlyCount "80"]
[EventDate "1996.09.15"]
[EventType "team-swiss"]
[EventRounds "14"]
[EventCountry "ARM"]
[SourceTitle "CBM 055"]
[Source "ChessBase"]
[SourceDate "1996.12.01"]
[SourceVersion "1"]
[SourceVersionDate "1996.12.01"]
[SourceQuality "1"]
[WhiteTeam "Iceland"]
[BlackTeam "Georgia"]
[WhiteTeamCountry "ISL"]
[BlackTeamCountry "GEO"]

1. e4 e5 2. Nf3 d6 3. d4 Nf6 4. Nc3 Nbd7 5. Bc4 Be7 6. 0-0 0-0 7. Re1 c6 8. a4 b6 9. d5 c5 10. a5 Ne8 11. Nd2 Nc7 12. Qe2 a6 13. axb6 Nxb6 14. Bd3 Bg5 15. Na4 Nxa4 16. Rxa4 Kh8 17. Nc4 Bxc1 18. Rxc1 Rb8 19. Qd2 f5 20. exf5 Bxf5 21. Bxf5 Rxf5 22. b4 Qd7 23. Rca1 Rf4 24. Ne3 cxb4 25. h3 h6 26. Qe1 Qb5 27. g3 Rf3 28. Qd2 Qc5 29. Ra5 Qa7 30. Rb1 Qd4 31. Qxd4 exd4 32. Nc4 Rc3 33. Nxd6 Rxc2 34. Nf7+ Kg8 35. Ne5 Rb6 36. Nc6 Rc4 37. Ne5 Rc3 38. Nc6 d3 39. Rd1 b3 40. Raa1 Nxd5 0-1